000 00527nam a2200181 i 4500
001 bgj
100 1 _aPIOUS, Richards M.
245 1 0 _aViewpoints :
_breadings in American politics and government /
_cRichards M. Pious.
260 _aNew York :
_bMcGraw-Hill Book,
_cc. 1986.
300 _a80 pp ;
_c26 cm.
650 9 _aUnited States
_xPolitics and government
020 _a0070501254 (pbk)
040 _cBPK
041 0 _aeng
920 _a0-07-050125-4 (pbk)
942 _cKS
008 s uk f |000 0 eng
999 _c41286
_d41286
856 _uhttp://koha.tu.koszalin.pl/cgi-bin/koha/opac-detail.pl?biblionumber=41286
_yKatalog online BPK